000 00585nam a2200217Ia 4500
003 OSt
005 20220923230713.0
006 a|||||r|||| 00| 0
007 ta
008 Pun
024 _a304,908
037 _cTextual
040 _aARTS
_cARTS
_bPun
041 _2Pun
_aPun
082 _aT.58.N5, 153L4
100 _aਆਹੂਜਾ, ਰੋFਨ ਲਾਲ
245 0 _aਸੋਵੀਅਤ ਯੂਨੀਅਨ ਵਿਚ ਵਿੱਦਿਆ
260 _c1974
942 _hT.58.N5, 153L4
_cTEXL
_2CC
999 _c386715
_d386715